| 000 | 00452nam a2200133Ia 4500 | ||
|---|---|---|---|
| 008 | 160809s9999 xx 000 0 und d | ||
| 100 | _aTaibi, Aissa. | ||
| 245 | _aMulticriteria Decision Aided System for Ranking Industrial Zones (RPRO4SIGZI) | ||
| 245 | _cAissaTaibi and BaghdadAtmani. | ||
| 260 | _bComputer Science and Information Technology | ||
| 260 | _cApril 2016 | ||
| 650 | _xINFORMATION TECHNOLOGY | ||
| 856 | _uhttp://airccse.org/V6N52.html | ||
| 999 |
_c300095 _d300095 |
||